00535nam a2200193 a 4500001001300000003000900013005001700022008004100039020002300080082002000103100002400123245004400147260004400191300000900235500003500244505002300279650001500302700002400317nice12345678IN_TiNIC20260116014700.0091216s2004 lona grp 000 0 eng  a9780195670554c37500a306.089915bROD aRodrigues, Valerian aThe Essential Writings of B.R. Ambedkar aLondan bOxford University Press c2004 a572p aincludes index and biblioraphy2 aBibliography Index aPhilosophy1 aRodrigues, Valerian